Introduction to geographic information systems / (Record no. 332268)

000 -LEADER
fixed length control field 01163cam a2200277 a 4500
001 - CONTROL NUMBER
control field 12462038
003 - CONTROL NUMBER IDENTIFIER
control field NUST
005 - DATE AND TIME OF LATEST TRANSACTION
control field 20171122101638.0
008 - FIXED-LENGTH DATA ELEMENTS--GENERAL INFORMATION
fixed length control field 010706s2002 iauab b 001 0 eng
010 ## - LIBRARY OF CONGRESS CONTROL NUMBER
LC control number 2001044140
020 ## - INTERNATIONAL STANDARD BOOK NUMBER
International Standard Book Number 0072382112
020 ## - INTERNATIONAL STANDARD BOOK NUMBER
International Standard Book Number 0071121781 (ISE)
040 ## - CATALOGING SOURCE
Original cataloging agency DLC
Transcribing agency DLC
Modifying agency DLC
042 ## - AUTHENTICATION CODE
Authentication code pcc
050 00 - LIBRARY OF CONGRESS CALL NUMBER
Classification number G70.212
Item number .C4735 2002
082 00 - DEWEY DECIMAL CLASSIFICATION NUMBER
Classification number 910.285 CHA
Edition number 21
100 1# - MAIN ENTRY--PERSONAL NAME
Personal name Chang, Kang-Tsung.
9 (RLIN) 6630
245 10 - TITLE STATEMENT
Title Introduction to geographic information systems /
Statement of responsibility, etc. Kang-tsung Chang.
250 ## - EDITION STATEMENT
Edition statement 1st ed.
260 ## - PUBLICATION, DISTRIBUTION, ETC.
Place of publication, distribution, etc. Boston :
Name of publisher, distributor, etc. McGraw-Hill,
Date of publication, distribution, etc. c2002.
300 ## - PHYSICAL DESCRIPTION
Extent xviii, 348 p. :
Other physical details ill., maps ;
Dimensions 25 cm. +
Accompanying material 1 CD-ROM (4 3/4 in.)
500 ## - GENERAL NOTE
General note H.B
504 ## - BIBLIOGRAPHY, ETC. NOTE
Bibliography, etc. note Includes bibliographical references and index.
538 ## - SYSTEM DETAILS NOTE
System details note System requirements: Pentium 60 or better; Windows 95 or better.
650 #0 - SUBJECT ADDED ENTRY--TOPICAL TERM
Topical term or geographic name entry element Geographic information systems.
9 (RLIN) 6117
906 ## - LOCAL DATA ELEMENT F, LDF (RLIN)
a 7
b cbc
c orignew
d 1
e ocip
f 20
g y-gencatlg
942 ## - ADDED ENTRY ELEMENTS (KOHA)
Source of classification or shelving scheme
Koha item type Book
Call number prefix IESE
Holdings
Withdrawn status Lost status Source of classification or shelving scheme Damaged status Not for loan Collection code Permanent Location Current Location Shelving location Date acquired Total Checkouts Full call number Barcode Date last seen Price effective from Koha item type
            Institute of Environmental Science and Engineering (IESE) Institute of Environmental Science and Engineering (IESE) General Stacks 11/22/2017   910.285 CHA IESE-741 01/19/2026 11/22/2017 Book
© 2023 Central Library, National University of Sciences and Technology. All Rights Reserved.